La producción, el mercado, el consumo y la defensa de los derechos del consumidor /

Сохранить в:
Библиографические подробности
Главный автор: Mena A., Alvaro
Другие авторы: Sibaja A., Manrique
Формат: Текст
Опубликовано: Friedrich Ebert Stiftung
Предметы:
Метки: Добавить метку
Нет меток, Требуется 1-ая метка записи!

MARC

LEADER 00000 a a2200000 04500
001 35224
003
040
090 |a 0003 M534Cc  
100 |a Mena A., Alvaro  
245 |a La producción, el mercado, el consumo y la defensa de los derechos del consumidor /  |c Alvaro Mena A 
260 |b Friedrich Ebert Stiftung  
300 |a 58 p.  
650 |a MANUALES  
650 |a DERECHO MERCANTIL  
650 |a EDUCACION AL CONSUMIDOR  
650 |a PROTECCION AL CONSUMIDOR  
650 |a EDUCACION POPULAR  
700 |a Sibaja A., Manrique  
999 |c 17329  |d 17329